| 000 | 01007nam a22002297a 4500 | ||
|---|---|---|---|
| 001 | 884 | ||
| 005 | 20250508144631.0 | ||
| 020 | _a9781407147536 | ||
| 040 |
_aFISKH _beng _cFISKH _dFISKH |
||
| 082 | _a823.92 | ||
| 100 | _aKelly, Mary | ||
| 245 |
_aA snowy robin rescue / _cby Mary Kelly ; illustrated by Jon Davis. |
||
| 260 |
_aLondon : _bScholastic, _c2014. |
||
| 300 |
_a139 pages : _billustrations ; _c20 cm. |
||
| 505 | _aW | ||
| 520 | _aEvan and Hannah have found a robin in the snow. It's not moving, and they soon realize that the tiny robin is stuck! They call the RSPCA and an inspector arrives to help. It's snowing heavily and they need to act fast. Can the RSPCA perform a snowy robin rescue? An exciting, inspiring story based on a real-life animal rescue. With illustrations throughout and lots of facts about robins and the RSPCA. | ||
| 521 |
_a820 _bLexile estimate |
||
| 521 |
_aW _bRaz-Plus |
||
| 650 |
_aAnimals _vFiction. |
||
| 650 |
_aAnimals _vFiction. |
||
| 942 |
_2ddc _cBK _n0 |
||
| 999 |
_c884 _d884 |
||